| 000 | 00346pab a2200145 454500 | ||
|---|---|---|---|
| 008 | 180718b2002 xxu||||| |||| 00| 0 eng d | ||
| 100 | _aChandra, Sushma | ||
| 245 | _aNew health policy focusses on primary sector | ||
| 260 | _c2002 | ||
| 300 | _ap.25-27,48. | ||
| 362 | _aJul | ||
| 650 | _aHealth services | ||
| 773 | _aYojana | ||
| 909 | _a52874 | ||
| 999 |
_c52874 _d52874 |
||